=LDR 00000nam 2200000 4500 =001 INLIS000000000026541 =005 20130612124958 =008 ***********************************Ind** =035 ##$$0010-061300000026541 =041 ##$$a Ind =082 ##$$a 530.07 =090 ##$$a 530.07, Suk s =100 ##$$a Sukabdiyah, Sri =245 ##$$a Fisika 3A untuk kelas 3 SLTP tengah tahun pertama, Dra. Sri Sukabdiyah, M.M =260 ##$$a 2001 $b Jakarta =300 ##$$a 160 hlm, ilus, 30 cm =650 ##$$a Fisika =850 ##$$a NBPNMAT